The Horizon.
Saved in:
| Other Authors: | |
|---|---|
| Format: | Journal |
| Language: | English |
| Published: |
Washington, D.C. :
W.E.B. DuBois, F. Murray, and L. Hershaw,
1907-1910.
|
| Subjects: | |
| Tags: |
Add Tag
No Tags, Be the first to tag this record!
|
| LEADER | 01369cas a2200385 a 4500 | ||
|---|---|---|---|
| 001 | 003316865-2 | ||
| 005 | 20170831093850.0 | ||
| 008 | 840315d19071910dcumx p 0 a0eng c | ||
| 010 | |a sn 93023526 | ||
| 035 | 0 | |a ocn238827340 | |
| 035 | 0 | |a ocm10523171 | |
| 040 | |a MSU |b eng |c MSU |d EYM |d OCL |d OCLCG |d OCLCQ |d OCLCF |d OCLCO | ||
| 042 | |a pcc | ||
| 043 | |a n-us--- | ||
| 050 | 4 | |a E185.5 |b .H64 | |
| 130 | 0 | |a Horizon (Washington, D.C.) | |
| 245 | 1 | 4 | |a The Horizon. |
| 260 | |a Washington, D.C. : |b W.E.B. DuBois, F. Murray, and L. Hershaw, |c 1907-1910. | ||
| 300 | |a 6 v. ; |c 16 cm. | ||
| 310 | |a Monthly (irregular) | ||
| 362 | 0 | |a Vol. 1, no. 1 (Jan. 1907)-v. 6, no. 2 (July 1910). | |
| 500 | |a Editors: W.E.B. Du Bois and others. | ||
| 500 | |a "A journal of the color line." | ||
| 500 | |a Imprint varies: Alexandria, Va., <Nov./Dec. 1908-> | ||
| 500 | |a Title from cover. | ||
| 515 | |a Publication suspended Jan.-Oct. 1909. | ||
| 650 | 0 | |a African Americans |v Periodicals. | |
| 651 | 0 | |a United States |x Race relations |v Periodicals. | |
| 650 | 7 | |a African Americans. |2 fast |0 (OCoLC)fst00799558 | |
| 650 | 7 | |a Race relations. |2 fast |0 (OCoLC)fst01086509 | |
| 651 | 7 | |a United States. |2 fast |0 (OCoLC)fst01204155 | |
| 655 | 7 | |a Periodicals. |2 fast |0 (OCoLC)fst01411641 | |
| 700 | 1 | |a Du Bois, W. E. B. |q (William Edward Burghardt), |d 1868-1963. | |
| 988 | |a 20020608 | ||
| 906 | |0 OCLC | ||


